03122nam a22002774a 4500003000900000005001700009008004100026040001300067041000800080044000700088082002200095100002500117245018200142260010800324300001200432502006900444520215200513650003302665650002202698650002802720650001702748650002702765650002802792651001302820651001102833BOLpUSFA20260416152626.0 t bo grm 001 | spa|| aBOLpUSFA aspa aBO aADM0020bM839e PG aMorel, Sonia Betiana aEstudio de factibilidad para la creación de una Guardería Infantil con Servicio Integral, incluyendo atención diurna y nocturna en el área urbana del Municipio de Tupiza aTupiza: bUniversidad Privada San Francisco de Asís. Carrera de Administración de Empresas, c2025  a254 p.  aModalidad: Proyecto de Grado - Tutora: Lic. Cenia López Rojas aEl presente proyecto de investigación tiene como objetivo determinar la factibilidad para la creación de una guardería infantil integral, con atención diurna y nocturna, en el área urbana del municipio de Tupiza, respondiendo a una creciente demanda de servicios de cuidado infantil adaptados a las dinámicas laborales contemporáneas. Para ello, se empleó un enfoque mixto, combinando métodos cuantitativos y cualitativos, con un diseño no experimental transversal. Se aplicaron encuestas a una muestra aleatorio simple de 378 madres, padres y tutores de niños menores de 7 años, complementadas con entrevistas a actores clave del sector. Los resultados revelan que el 87% de los encuestados manifiesta una alta aceptación y disposición a utilizar el servicio nocturno, cuya franja horaria más demandada es entre las 18:00 y 22:00. El estudio financiero proyecta una inversión inicial de Bs 55.743,00 con costos operativos mensuales aproximados de Bs 12.595,75 y una estructura tarifaria que oscila entre Bs 600 y Bs 700 mensuales según paquete de servicio. La proyección de ingresos anuales supera los Bs 246.600,00 con una utilidad neta estimada de Bs 48.638,99 en el primer año, y un punto de equilibrio con solo 30 niños inscritos. Indicadores financieros como VAN positivo (Bs 107.265,06) y TIR del 96% evidencian la rentabilidad y viabilidad económica del proyecto, que además aporta soluciones de bienestar social y desarrollo infantil integral. En conclusión, la creación de esta guardería representa una oportunidad innovadora y necesaria para promover la conciliación laboral y familiar en Tupiza, contribuyendo al desarrollo sostenible y la inclusión social en la comunidad. Los resultados de esta investigación proporcionarán una base sólida para la toma de decisiones sobre la implementación de la guardería, contribuyendo así al bienestar de las familias de Tupiza y al desarrollo de un entorno más inclusivo y accesible para todos.  aAdministración de Empresas aProyecto de Grado aEstudio de factibilidad aGuarderías aEducación parvularia aEducación preescolar  aPotosí aTupiza